Country to Largest Religion - Europe - Statistics

General Stats
  • This quiz has been taken 36 times
  • The average score is 24 of 45
Answer Stats
Hint Answer % Correct
Andorra Roman Catholic
84%
Vatican City Roman Catholic
84%
Belarus Orthodox
77%
Monaco Roman Catholic
77%
San Marino Roman Catholic
77%
Spain Roman Catholic
77%
Croatia Roman Catholic
74%
Italy Roman Catholic
74%
Portugal Roman Catholic
74%
Bulgaria Orthodox
68%
Russia Orthodox
68%
Ukraine Orthodox
68%
Albania Sunni Islam
68%
Austria Roman Catholic
65%
Poland Roman Catholic
65%
Greece Orthodox
61%
Denmark Protestant
61%
Ireland Roman Catholic
61%
Malta Roman Catholic
61%
Serbia Orthodox
58%
Sweden Protestant
58%
Luxembourg Roman Catholic
58%
North Macedonia Orthodox
55%
Bosnia and Herzegovina Sunni Islam
55%
Norway Protestant
52%
Lithuania Roman Catholic
52%
Slovenia Roman Catholic
52%
Moldova Orthodox
48%
Romania Orthodox
48%
Hungary Roman Catholic
45%
Liechtenstein Roman Catholic
45%
Slovakia Roman Catholic
45%
Kosovo Sunni Islam
45%
Finland Protestant
42%
Iceland Protestant
42%
Czech Republic No Religion
39%
Estonia No Religion
39%
Montenegro Orthodox
35%
Latvia Protestant
32%
Netherlands No Religion
29%
Germany No Religion
23%
Belgium No Religion
16%
United Kingdom No Religion
16%
France No Religion
10%
Switzerland No Religion
10%
No matching quizzes found
Score Distribution
Percent of People with Each Score
Percentile by Number Answered
Your Score History
You have not taken this quiz